000 00607cam a22002055a 4500
001 L143174
008 080415e19290305xxk eng u
035 _a(Sirsi) u143174
041 _aeng
245 0 1 _a[Certificate of Incorporation relating to the Valuers' Institution]
_h[manuscript]
260 _c5 March 1929
300 _a1 sheet
_bmounted
_c34 x 24 cm.
340 _aPrinted
351 _cSingle item
500 _aKept in large brown manila coloured envelope
610 2 4 _aValuers' Institution
651 4 _aUnited Kingdom
690 _aABOUT RICS-RELATED INSTITUTIONS
942 _n0
_2ddc
999 _c116797
_d116797